| 000 | 00612nam a2200193Ia 4500 | ||
|---|---|---|---|
| 003 | Ost | ||
| 005 | 20260507075636.0 | ||
| 008 | 260507s9999||||xx |||||||||||||| ||und|| | ||
| 040 | _cfsecg | ||
| 041 | _aara | ||
| 082 | _a341 | ||
| 100 |
_aفؤاد، مصطفى احمد _eمؤلف |
||
| 245 | 0 |
_aالقانون الدولي العام / _c مصطفى احمد فؤاد |
|
| 260 |
_aالاسكندرية: _bدار الجامعة الجديدة, _c1997 |
||
| 300 |
_a413 صفحة؛ _c24 سم |
||
| 653 | _aالقانون الدولي | ||
| 653 | _aالقانون الدولي العام | ||
| 942 | _cكتاب | ||
| 999 |
_c45304 _d45304 |
||